<?xml version="1.0" encoding="UTF-8"?>
<marc:record xmlns:marc="http://www.loc.gov/MARC21/slim">
   <marc:leader>00000nam a2200000 a 4500</marc:leader>
   <marc:datafield ind1="1" ind2=" " tag="100">
      <marc:subfield code="a">Zinn, Howard</marc:subfield>
      <marc:subfield code="4">aut</marc:subfield>
      <marc:subfield code="e">Verfasser/-in</marc:subfield>
   </marc:datafield>
   <marc:datafield ind1="1" ind2=" " tag="100">
      <marc:subfield code="a">Bonin, Sonja</marc:subfield>
      <marc:subfield code="4">trl</marc:subfield>
      <marc:subfield code="e">Übersetzer/-in</marc:subfield>
   </marc:datafield>
   <marc:datafield ind1="1" ind2=" " tag="100">
      <marc:subfield code="a">Zinn, Howard</marc:subfield>
   </marc:datafield>
   <marc:datafield ind1=" " ind2=" " tag="653">
      <marc:subfield code="a">Geschichte</marc:subfield>
   </marc:datafield>
   <marc:datafield ind1=" " ind2=" " tag="653">
      <marc:subfield code="a">Softcover / Geschichte/Regionalgeschichte</marc:subfield>
   </marc:datafield>
   <marc:datafield ind1=" " ind2=" " tag="653">
      <marc:subfield code="a">Ländergeschichte</marc:subfield>
   </marc:datafield>
   <marc:datafield ind1="0" ind2="0" tag="245">
      <marc:subfield code="a">Eine Geschichte des amerikanischen Volkes</marc:subfield>
   </marc:datafield>
   <marc:datafield ind1="0" ind2="0" tag="245">
      <marc:subfield code="c">Howard Zinn. Aus dem amerikan. Engl. von Sonja Bonin</marc:subfield>
   </marc:datafield>
   <marc:datafield ind1=" " ind2="1" tag="264">
      <marc:subfield code="a">Hamburg</marc:subfield>
      <marc:subfield code="b">Nikol</marc:subfield>
      <marc:subfield code="c">2013</marc:subfield>
   </marc:datafield>
   <marc:datafield ind1="1" ind2=" " tag="520">
      <marc:subfield code="a">Angaben aus der Verlagsmeldung

Eine Geschichte des amerikanischen Volkes / von Howard Zinn

Zinn schreibt in für ein Geschichtsbuch ungewöhnlich eingängiger Sprache nicht aus der Perspektive der Eroberer, sondern der Eroberten, spricht nicht vom Ruhm der Sieger, sondern über die Verluste der Besiegten, erklärt nicht im gehobenen Stil der Herrschenden, sondern in der ungeschmückten Sprache der Beherrschten: der Fabrikarbeiter, Frauen, Sklaven, Schwarzen, Indianer, der Vertreter der Arbeiterklasse und der Einwanderer.
Seit der ersten Auﬂage vor 32 Jahren ist Zinns unkonventionelle Darstellung der amerikanischen Geschichte
von Kolumbus bis zur Ära Clinton 1,5 Millionen Mal verkauft worden und entwickelte sich vom Geheimtipp unter Studenten zu einem Standardwerk an amerikanischen Schulen und Universitäten.
</marc:subfield>
   </marc:datafield>
   <marc:datafield ind1=" " ind2=" " tag="020">
      <marc:subfield code="a">9783868201925</marc:subfield>
      <marc:subfield code="9">9783868201925</marc:subfield>
   </marc:datafield>
   <marc:datafield ind1=" " ind2=" " tag="041">
      <marc:subfield code="a">ger</marc:subfield>
   </marc:datafield>
   <marc:datafield ind1=" " ind2=" " tag="300">
      <marc:subfield code="a">689 S.</marc:subfield>
   </marc:datafield>
</marc:record>
